000 00506nam a2200157Ia 4500
008 210716s2004 xx 000 0 und d
020 _a9789814057035
041 _aeng
082 _a158.7 MUCP
100 _aMuchinsky, Paul M.
245 _aPsychology applied to work: an introduction to industrial and organizational psychology.
_bIntroduction to industrial and organizational psychology.
250 _a6
260 _aAustralia
_bThomson learning
_c2004
300 _axxiv,551
650 _aPsychology
999 _c199811
_d199811